Tín ngưỡng thờ nữ thần của cư dân ven biển tỉnh Khánh Hòa
Nội dung giới thiệu cơ sở lý thuyết và địa bàn nghiên cứu, truyền thống và biến đổi của tín ngưỡng thờ nữ thần của cư dân ven biển Khánh Hòa. Vai trò của tín ngưỡng thờ nữ thần của cư dân ven biển tỉnh Khánh Hòa và một số vấn đe...
Bewaard in:
| Hoofdauteur: | |
|---|---|
| Formaat: | Boek |
| Taal: | Undetermined |
| Gepubliceerd in: |
Hà Nội
Mỹ thuật
2016
|
| Onderwerpen: | |
| Tags: |
Voeg label toe
Geen labels, Wees de eerste die dit record labelt!
|
| Thư viện lưu trữ: | Trung tâm Học liệu Trường Đại học Cần Thơ |
|---|
| LEADER | 01090nam a2200205Ia 4500 | ||
|---|---|---|---|
| 001 | CTU_225865 | ||
| 008 | 210402s9999 xx 000 0 und d | ||
| 082 | |a 390.09597 | ||
| 082 | |b X527 | ||
| 100 | |a Nguyễn, Thị Thanh Xuyên | ||
| 245 | 0 | |a Tín ngưỡng thờ nữ thần của cư dân ven biển tỉnh Khánh Hòa | |
| 245 | 0 | |c Nguyễn Thị Thanh Xuyên | |
| 260 | |a Hà Nội | ||
| 260 | |b Mỹ thuật | ||
| 260 | |c 2016 | ||
| 520 | |a Nội dung giới thiệu cơ sở lý thuyết và địa bàn nghiên cứu, truyền thống và biến đổi của tín ngưỡng thờ nữ thần của cư dân ven biển Khánh Hòa. Vai trò của tín ngưỡng thờ nữ thần của cư dân ven biển tỉnh Khánh Hòa và một số vấn đề về bảo tồn văn hóa tín ngưỡng. | ||
| 650 | |a Phong tục tập quán,Manners and customs | ||
| 650 | |z Việt Nam,Vietnam | ||
| 910 | |b dqhieu | ||
| 980 | |a Trung tâm Học liệu Trường Đại học Cần Thơ | ||